000 01163cam a2200301 a 4500
001 2579253
003 ARRUPE
005 20131001144642.0
008 960416s1996 cau b 000 0 eng
010 _a 96020111
020 _a0062509047
020 _a0062513796 (pbk.)
040 _aDLC
_cDLC
_dDLC
050 0 0 _aBL625
_b.E77 1996
082 0 0 _a291.4/22
_220
245 0 4 _aThe essential mystics :
_bthe soul's journey into truth /
_cedited and with an introduction by Andrew Harvey.
250 _a1st ed.
260 _a[San Francisco] :
_bHarperSanFrancisco,
_cc1996.
300 _axv, 236 p. ;
_c22 cm.
500 _a"A Tree clause book"--T.p. verso.
504 _aIncludes bibliographical references (p. 217-234).
650 0 _aMysticism
_xComparative studies.
_91893
700 1 _aHarvey, Andrew,
_d1952-
_91894
856 4 2 _3Publisher description
_uhttp://www.loc.gov/catdir/description/hc043/96020111.html
906 _a7
_bcbc
_corignew
_d1
_eocip
_f19
_gy-gencatlg
942 _2lcc
_cMONOGRAPH
999 _c118195
_d118195